Pálido fuego (Record no. 1836)

MARC details
000 -LEADER
campo de control de longitud fija 00615nam a2200133 4500
008 - DATOS DE LONGITUD FIJA--INFORMACIÓN GENERAL
campo de control de longitud fija 708 N162p
082 ## - NÚMERO DE LA CLASIFICACIÓN DECIMAL DEWEY
Número de clasificación 708
Número de ítem N162p
100 ## - ENTRADA PRINCIPAL--NOMBRE DE PERSONA
Nombre de persona Najmanovich, Mariana
9 (RLIN) 6286
245 ## - MENCIÓN DEL TÍTULO
Título Pálido fuego
260 ## - PUBLICACIÓN, DISTRIBUCIÓN, ETC.
Lugar de publicación, distribución, etc. Chile
Nombre del editor, distribuidor, etc. Ministerio de las Culturas, las Artes y el Patrimonio
Fecha de publicación, distribución, etc. 2018
300 ## - DESCRIPCIÓN FÍSICA
Extensión 63 p.
Otras características físicas il. (col)
Dimensiones 24,5 x 16,5 cm
505 ## - NOTA DE CONTENIDO CON FORMATO
Título Heridas de guerra
Mención de responsabilidad Sebastián Vidal Valenzuela
Título Sobre la exposición Pálido Fuego
Mención de responsabilidad Daniela Berger Prado
Título Wound of war
Mención de responsabilidad Sebastián Vidal Valenzuela
Título On Pale Fire, an exhibition
Mención de responsabilidad Daniela Berger Prado
650 ## - PUNTO DE ACCESO ADICIONAL DE MATERIA--TÉRMINO DE MATERIA
Subdivisión general arte contemporáneo
-- arte - exhibición
-- arte - violencia
-- Argentina
9 (RLIN) 7149
Holdings
Estatus retirado Estado de pérdida Fuente del sistema de clasificación o colocación Estado de daño No para préstamo Biblioteca de origen Biblioteca actual Ubicación en estantería Fecha de adquisición Total de préstamos Signatura topográfica completa Código de barras Visto por última vez Precio de reemplazo Tipo de ítem Koha
    Clasificación Decimal Dewey     Biblioteca LadoV Biblioteca LadoV   28/08/2019   708 N162p 004848 28/08/2019 28/08/2019 Material 01